Szczegóły MARC21

Zawisza Czarny w historii i legendzie /

003 -Nazwa inst., której nr kontr. jest w polu 001 [,]
    • @
    • Nazwa instytucji, której n kontrolny jest w polu 001
    • NUKAT
005 -DATA I CZAS OSTATNIEJ MODYFIKACJI [,]
    • @
    • pole kontrolne
    • 20241231095010.0
040 -Instytucja sporządzająca opis [ , ]
    • a
    • Instytucja, która sporządziła opis (NP)
    • GD U/EN
    • c
    • Instytucja, która sporządziła rekord (NP)
    • GD U/EN
    • d
    • Instytucja, która zmodyfikowała rekord (P)
    • GD U/ENs
    • d
    • Instytucja, która zmodyfikowała rekord (P)
    • WR U/PAdjm
    • d
    • Instytucja, która zmodyfikowała rekord (P)
    • GD U/Doro
942 -Rodzaj dokumentu [ , ]
    • c
    • Rodzaj dokumentu
    • Książka
100 -Hasło główne - nazwa osobowa [1, ]
    • a
    • Nazwa osobowa (NP)
    • Klubówna, Anna
    • d
    • Daty biograficzne (NP)
    • (1906-1991).
    • 9
    • KHW
    • 47799
245 -Strefa tytułu i oznaczenia odpowiedzialności [1,0]
    • a
    • Tytuł
    • Zawisza Czarny w historii i legendzie / Find
    • c
    • Pozostałe elementy strefy tytułu i oznaczenia odpowiedzialności (NP)
    • Anna Klubówna.
250 -Strefa wydania [ , ]
    • a
    • Oznaczenie wydania (NP)
    • Wyd. 2.
260 -Strefa adresu wydawniczego [ , ]
    • a
    • Miejsce wydania (P)
    • Warszawa :
    • b
    • Nazwa wydawcy (P)
    • Ludowa Spółdzielnia Wydawnicza,
    • c
    • Data wydania (P)
    • 1979.
300 -Strefa opisu fizycznego [ , ]
    • a
    • Określenie formy książki i/lub objętość (NP)
    • 333, [3] s. :
    • b
    • Oznaczenie ilustracji (NP)
    • il. ;
    • c
    • Format (NP)
    • 20 cm.
336 -Typ zawartości [ , ]
    • a
    • Termin opisujący typ zawartości
    • Tekst
    • b
    • Kod określający zawartość
    • txt
    • 2
    • Źródło (terminu i kodu)
    • rdacontent
337 -Typ mediów [ , ]
    • a
    • Tryb odtwarzania
    • Bez urządzenia pośredniczącego
    • b
    • Kod typu mediów
    • n
    • 2
    • Źródło (terminu i kodu)
    • rdamedia
338 -Typ/rodzaj nośnika [ , ]
    • a
    • Hasło opisujące typ nośnika
    • Wolumin
    • b
    • Kod typu nośnika
    • nc
    • 2
    • Źródło (terminu i kodu)
    • rdacarrier
500 -Uwaga ogólna [ , ]
    • a
    • Uwaga ogólna (NP)
    • W części nakładu liczbowanie stronic 333.
504 -Uwaga dot. bibliogr. załącznikowej [ , ]
    • a
    • Uwaga dot. bibliografii załącznikowej
    • Bibliogr. s. 329-331.
080 -Uniwersalna Klasyfikacja Dziesiętna [ , ]
    • 2
    • Identyfikator wydania tablic
    • UDC-P058
    • 9
    • UKD
    • 7015
    • a
    • Symbol klasyfikacji
    • 94(438).03
    • b
    • Dopowiedzenie
    • Historia Polski. Dynastia Jagiellonów (1386-1572).
080 -Uniwersalna Klasyfikacja Dziesiętna [ , ]
    • 2
    • Identyfikator wydania tablic
    • UDC-P058
    • 9
    • UKD
    • 3671
    • a
    • Symbol klasyfikacji
    • 355(091)
    • b
    • Dopowiedzenie
    • Historia wojskowości.
    • 4
    • UKD2
    • 7642
    • x
    • Poddział wspólny
    • (438)
    • c
    • Dopowiedzenie poddz. wspólnego
    • (Polska).
    • 4
    • UKD2
    • 11197
    • x
    • Poddział wspólny
    • "13/14"
    • c
    • Dopowiedzenie poddz. wspólnego
    • Wiek XIV/XV.
080 -Uniwersalna Klasyfikacja Dziesiętna [ , ]
    • 2
    • Identyfikator wydania tablic
    • UDC-P058
    • 9
    • UKD
    • 6953
    • a
    • Symbol klasyfikacji
    • 929-052A/Z
    • b
    • Dopowiedzenie
    • Biografie indywidualne.
    • 4
    • UKD2
    • 7642
    • x
    • Poddział wspólny
    • (438)
    • c
    • Dopowiedzenie poddz. wspólnego
    • (Polska).
    • 4
    • UKD2
    • 11197
    • x
    • Poddział wspólny
    • "13/14"
    • c
    • Dopowiedzenie poddz. wspólnego
    • Wiek XIV/XV.
600 -Hasło przedmiotowe w formie nazwy osobowej [0,7]
    • a
    • Nazwa osobowa
    • Zawisza Czarny z Garbowa
    • d
    • Daty związane z nazwą
    • (około 1370-1428).
    • 2
    • Źródło terminu
    • kaba
    • 9
    • KHW
    • 258354
651 -Hasło przedmiotowe w formie nazwy geograficznej [ ,7]
    • a
    • Nazwa geograficzna
    • Polska
    • y
    • Określnik chronologiczny
    • 1386-1434 (Władysław II Jagiełło).
    • 2
    • Źródło terminu
    • kaba
    • 9
    • KHW
    • 124891
980 -Symbol UKD [ , ]
    • a
    • UKD
    • 94(438).03:[355(091):929-052 Zawisza Czarny](438)"13/14"
710 -Hasło dodatkowe - nazwa ciała zbiorowego [2, ]
    • a
    • Nazwa ciała zbiorowego lub nazwa geograficzna jako pierwszy element (NP)
    • Ludowa Spółdzielnia Wydawnicza.
    • 4
    • Kod relacji
    • pbl
    • 9
    • KHW
    • 54935
Lokalizacja Obwoluta Data inwentaryzacji Uwagi nie widoczne w OPAC Status udost. Sygnatura Numer inwentarzowy
BG  retrokonwersja-3W.82095W.82095
BG  retrokonwersja1Z.10611Z.10611
BNS12020-08-19 1 H.34443